| 000 | 00661nam a2200217 4500 | ||
|---|---|---|---|
| 003 | OSt | ||
| 005 | 20240729004320.0 | ||
| 006 | a | ||
| 008 | 240729b |||||||| |||| 00| 0 eng d | ||
| 020 | _a9780763746391 | ||
| 040 |
_aDWCL-HMN lib. _cOC |
||
| 082 | _aCirc. 616.99366 G824o 2011 | ||
| 100 | _aGreig, Lloyd B. | ||
| 245 | _a100 questions & answers about uterine fibroids / | ||
| 260 |
_a Sudbury, Mass. : _bJones and Bartlett Pub. , _cc2011. |
||
| 300 |
_avi, _b114 p. : ill. ; _c23 cm. |
||
| 504 | _aIncludes index. | ||
| 650 | _a1. Uterine fibroids-Popular works. | ||
| 650 | _a2. Uterine fibroids-Miscellanea. | ||
| 942 |
_2ddc _n0 _cBK-CIRC _kCirc. |
||
| 999 |
_c2872 _d2872 |
||